| 000 | 00774nam a2200241Ia 4500 | ||
|---|---|---|---|
| 003 | GCL | ||
| 008 | 140319s9999 xx 000 0 ara d | ||
| 020 | _a4359502977 | ||
| 040 |
_aGCL / _cGCL |
||
| 082 | 0 | 4 |
_a822.008 _bش ع |
| 100 | 1 | _aابراهيم زكى | |
| 245 | 1 | 0 |
_aعلى هواك / _cابراهيم زكى |
| 700 | 1 | _aشكسبير، ويليام | |
| 700 | 1 | _aمختار الوكيل | |
| 250 | _aالثانية | ||
| 260 |
_aالقاهرة : _bدار المعارف ، _c1992 |
||
| 300 |
_a186 ص ؛ _c19سم |
||
| 490 |
_aمسرحيات شكسبير _v0 |
||
| 650 | 0 | 4 | _aالمسرحيات الانجليزية المترجمة |
| 650 | 0 | 4 | _aشكسبير، ويليام |
| 650 | 0 | 4 | _aالمسرح الانجليزى المترجم |
| 942 |
_2ddc _cBK |
||
| 999 |
_c29943 _d29943 |
||